[Event "Teplice op 7th"]
[Site "Teplice"]
[Date "2012.06.16"]
[Round "1"]
[White "Bartos, Vaclav"]
[Black "Kimerling, Martin"]
[Result "0-1"]
[WhiteElo "1664"]
[BlackElo "2100"]
[PlyCount "122"]
[EventDate "2012.06.16"]
[EventType "swiss"]
[EventRounds "9"]
[EventCountry "CZE"]
[SourceTitle "CBM 149 Extra"]
[Source "ChessBase"]
[SourceDate "2012.08.24"]
[SourceVersion "1"]
[SourceVersionDate "2012.08.24"]
[SourceQuality "1"]

1. Nf3 c5 2. g3 Nc6 3. Bg2 g6 4. 0-0 Bg7 5. c3 Nf6 6. d4 cxd4 7. cxd4 d5 8. Nc3 0-0 9. Bg5 Ne4 10. Bf4 Bf5 11. Rc1 h6 12. Qb3 g5 13. Be3 Na5 14. Qb5 a6 15. Qb4 e6 16. Nxe4 Bxe4 17. Rc5 b6 18. Rc3 Nc4 19. Rfc1 Qd7 20. Ne1 a5 21. Qb3 a4 22. Qb4 Bxg2 23. Kxg2 Rfc8 24. R3c2 Bf8 25. Qc3 b5 26. Qd3 Ra6 27. Nf3 Rac6 28. Ne5 Nxe5 29. dxe5 Rc4 30. b3 axb3 31. axb3 Rxc2 32. Rxc2 Rxc2 33. Qxc2 d4 34. Bd2 Qd5+ 35. Kg1 Qxe5 36. Qd3 Bg7 37. Bb4 f5 38. f4 gxf4 39. gxf4 Qd5 40. Kf2 Bf6 41. Qg3+ Kh7 42. Qd3 Bh4+ 43. Kg1 Bf6 44. Ba3 Qc6 45. Kf2 Qh1 46. Qg3 Qe4 47. Qf3 Bh4+ 48. Kg2 Kg6 49. Bc5 Bf6 50. Kf2 e5 51. Qg3+ Kf7 52. Bd6 Qxf4+ 53. Qxf4 exf4 54. Bxf4 h5 55. Ke1 Ke6 56. Kd2 Be5 57. Bg3 Bxg3 58. hxg3 f4 59. gxf4 h4 60. Ke1 Kf5 61. Kf2 Kxf4 0-1

[Event "SVK-ch U18"]
[Site "Lubovnianske Kupele"]
[Date "2012.03.19"]
[Round "3"]
[White "Kimerling, Martin"]
[Black "Liscinsky, Martin"]
[Result "1-0"]
[WhiteElo "2015"]
[BlackElo "1794"]
[PlyCount "49"]
[EventDate "2012.03.17"]
[EventType "swiss"]
[EventRounds "9"]
[EventCountry "SVK"]
[SourceTitle "CBM 147 Extra"]
[Source "ChessBase"]
[SourceDate "2012.04.24"]
[SourceVersion "1"]
[SourceVersionDate "2012.04.24"]
[SourceQuality "1"]

1. d4 d5 2. c4 c6 3. Nf3 Nf6 4. e3 e6 5. b3 Nbd7 6. Bd3 Bb4+ 7. Nbd2 Ne4 8. 0-0 Nxd2 9. Bxd2 Bd6 10. Qc2 Nf6 11. Ne5 0-0 12. f4 g6 13. Rf3 Qe7 14. Rh3 Bd7 15. Be1 dxc4 16. bxc4 Bxe5 17. fxe5 Ne8 18. Bh4 Qa3 19. Rf1 b5 20. cxb5 cxb5 21. Qe2 Rc8 22. Bf6 Nxf6 23. exf6 e5 24. Rxh7 Kxh7 25. Qh5+ 1-0